000 00372nam a2200169Ia 4500
005 20250423094616.0
008 250422s9999 xx 000 0 und d
020 _a9780140366846
050 _aPZ 10.3 .S38 .B1/
100 _aSewell, Anna
245 0 _aBlack beauty
260 _aNew York
260 _bTab Books
260 _c1994
300 _a265 p
942 _cBK
999 _c27756
_d27756